• 首页
  • 本馆介绍
  • 公告通知
  • 最新文献
  • 馆藏检索
  • 电子资源
  • 读者导购
  • 参考咨询
  • 我的图书馆
  • 登录
  • 详细信息显示
  • 放入我的书架
  • 预约/预借图书
  • 作者相关作品
  • 分类相关作品
  • 丛书相关作品
  • 出版社相关作品

书目信息

  • 表格格式
  • 工作单格式
  • 卡片格式
题名:
敦煌变文论文录
    
 
作者: 周绍良 , 白化文 编
分册: 上  
出版信息: 上海   上海古籍出版社  1982
页数: 445页
开本: 21cm
丛书名:
单 册:
中图分类: I206.2
科图分类:
主题词: 文学--中国
电子资源:
ISBN:
000 00706nam0 2200241 45
001 0182004913
005 20060601171747.26
010    @dCNY3.25(2册)
091    @a10186.322(总)
100    @a19950224d1982 kmey0chiy0121 ea
101 0  @achi
102    @aCN@b310000
105    @ay z 000yy
200 10 @a敦煌变文论文录@Adun huang bian wen lun wen lu@h上@f周绍良,白化文编@Fzhou shao liang,bai hua wen bian
210    @a上海@c上海古籍出版社@d1982
215    @a445页@d21cm
606 0  @a文学@x中国
690    @aI206.2
701  0 @a周绍良@Azhou shao liang@4编
701  0 @a白化文@Abai hua wen@4编
801  2 @aCN@bNLC@c20060601
801  0 @aCN@b上海图书馆@c20040422
905    @f1@b213993@dI206.2@e117:1
    
    敦煌变文论文录.上/周绍良,白化文编.-上海:上海古籍出版社,1982
    445页;21cm
    
    
    ISBN :CNY3.25(2册)
    
●
相关链接 在E读中查询图书 在五车中查询图书 在当当中查询图书 在豆瓣中查询图书


正题名:敦煌变文论文录     索取号:I206.2/117:1         预约/预借

序号 登录号 条形码 馆藏地/架位号 状态 备注
1 0213993   000049502   第二借阅区/ [索取号:I206.2/117:1] 在馆    
2 0213994   000049511   第一样本阅览室/ [索取号:I206.2/117:1] 在馆    
3 0420545   204205458   密集书库/ [索取号:I206.2/117:1] 在馆    
4 0420546   204205467   密集书库/ [索取号:I206.2/117:1] 在馆    
唐山师范学院图书馆 欢迎您!
大连网信软件有限公司© 版权所有